Uzupełnij tekst Barki - Statystyki

Ogólne statystyki
  • Ten quiz został rozwiązany 332 razy
  • Średni wynik to 6 z 13
Statystyki odpowiedzi
Tekst % Poprawnych
Pan kiedyś stanął {nad brzegiem}
93%
Szukał {ludzi gotowych pójść} za nim
86%
{Swoją barkę} pozostawiam na brzegu
71%
Twoje {Usta dziś wyrzekły} me imię
67%
Jestem {Ubogim} człowiekiem
60%
Razem z {Tobą nowy zacznę} łów
60%
{By łowić serca} słów Bożych prawdą
58%
{Moim skarbem} są ręce gotowe
44%
{Do pracy z Tobą} i czyste serce
40%
Łowić serca {na morzach ludzkich} dusz
7%
{Twej prawdy siecią} i słowem życia
6%
Dziś {wyjedziemy już razem}
4%
O Panie {co ty na mnie } spojrzałeś
2%
Nie znaleziono quizów pasujących do podanych kryteriów
Rozkład punktacji
Procent ludzi z każdym wynikiem
Percentyl według liczby udzielonych odpowiedzi
Twoja historia wyników
Nie rozwiązałeś tego quizu